000 00633nam a2200229 i 4500
001 C2-0241200
003 PPAK
005 20180727203710.0
008 020731s1954 enka|||| ||||| | may d
040 _aPPAK
_beng
_cPPAK
_erda
082 0 4 _a342
_223
090 0 0 _a342
_bDOB
_dKSI
100 1 _aDobby, E. H. G.,
_eauthor
245 1 0 _aIlmu Civics
264 1 _aLondon :
_bUniversity of London Press Ltd. ,
_c1954
300 _a158 pages :
_billustrations ;
_c21 cm
336 _2rdacontent
_atext
337 _2rdamedia
_aunmediated
338 _2rdacarrier
_avolume
650 1 0 _aCivics - Juvenile literature.
942 _ddc
_cB
999 _c56328
_d56328